000 00341pab a2200121 454500
008 180718b xxu||||| |||| 00| 0 eng d
100 _aShafi Sayed S.
245 _aThe New Dilli: sarkar or a white elephant?
362 _a26(1), Jan-Mar 1994, p.1-9
650 _aGovernment and Politics -- India -- Delhi
773 _aNagarlok
909 _a26766
999 _c26766
_d26766